Crashs de formule 1 en images - Statistiques

Statistiques générales
  • Ce quiz a été pris 37 fois
  • Le résultat moyen est 12 sur 16
Statistiques - réponses
Par images Réponse % Correct
Fernando Alonso
100%
Charles Leclerc
97%
Lewis hamilton
97%
Romain Grosjean
94%
Lance Stroll
88%
Max Verstappen
88%
Guanyu Zhou
85%
Gabriel Bortoleto
82%
Lando Norris
82%
Jack Doohan
70%
Mick Schumacher
61%
Niki Lauda
61%
Mark Webber
58%
Sergio Perez
52%
Kimi Antonneli
42%
Pastore Maldonado
39%
Aucun quiz correspondant
Distribution des résultats
% des personnes avec chaque résultat
Percentile par nombre de réponses
Votre historique - résultats
Vous n’avez pas pris ce quiz